000 004750000a22001810004500
003 MACL
005 20150813152524.0
008 150813b xxu||||| |||| 00| 0 eng d
040 _aMACL
_cMACL
041 _aEnglish
082 _a403/BHA
100 _aBhatia, Manish
_95343
245 _aDictionary of Quotations of British and American Authors
260 _bGita Enterprises
_c2004
_aNew Delhi
350 _a395
650 _aDictionary
_95344
942 _cBK
_k403/BHA
_2ddc
999 _c42053
_d42053